01547nas a2200205 454500001000500000005001700005008003700022003001500059040004000074080004300114245005700157022001500214264011100229310008900340520066600429100009601095650001201191650001601203856012201219485620260407193504.0260407s1982####ag###########|||spa#dAR-UNSa-BCEJYS aAR-UNSa-BCEJYSbspacAR-UNSa-BCEJYS a008xCivilización. Cultura. Progreso10aEl Correo de la Unescopuna ventana abierta al mundo a0304-310 X 1aParis :bOrganización de las Naciones Unidas para la Educación, la Ciencia y la Cultura (UNESCO)c1982 aPeriodicidad: Mensual Cambia de título a partir del año 2002 por El nuevo Correo aCon el correr del tiempo, el contenido y la forma del Correo han evolucionado mucho. Sin embargo, la revista ha permanecido fiel a su vocación de siempre: propagar los ideales de la UNESCO, servir de plataforma el diálogo entre las culturas y servir de tribuna para debates internacionales. Disponible en línea desde marzo de 2006, El Correo se adapta a las necesidades de sus lectores diseminados por el mundo entero: su publicación electrónica en formato PDF, en las seis lenguas oficiales de la Organización (árabe, chino, español, francés, inglés y ruso), va acompañada de una edición impresa con un número de ejemplares reducido. 1 aOrganización de las Naciones Unidas para la Educación, la Ciencia y la Cultura (UNESCO) aCultura aEducación41uhttps://biblioeco.unsa.edu.ar/pmb/images/revistas/Di?logo entre las Civilicaciones.jpgyImagen de portadaqimage/jpeg